000
00286nam a2200109Ia 4500
008
190902s9999||||xx |||||||||||||| ||und||
100
_a
Doctor Dildar Ahmed Qadri
245
0
_a
Kainat Quran aur Science
260
_a
Karachi
_b
Fazli Sons Private Limited
_c
1998
300
_a
128
942
_c
BK
999
_c
2922
_d
2922